000 00629nam a2200241Ia 4500
005 20260121112947.0
008 10185 260114s9999 xx 000 0 eng d
020 _a9789812819628
037 _aEBOOK
040 _aCRL
_beng
_cCRL
041 _aeng
_2eng
084 _qCRL
100 _aChang Chin-Liang
_9965992
245 0 _aFuzzy-Logic-Based Programming
260 _bWorld Scientific
260 _bWSPC
260 _c1997
650 _aComputer Science
_9965993
856 _uhttps://www.worldscientific.com/worldscibooks/10.1142/3413#t=toc
942 _cEBOOK
999 _c1547485
_d1547485